000 004880000a22001810004500
003 MACL
005 20160308124942.0
008 160308b xxu||||| |||| 00| 0 eng d
040 _aMACL
_cMACL
041 _aHindi
082 _a891.433
100 _aशानी
_943500
245 _aसॉप और सीढी
260 _bराजकमल प्रकाशन
_c1971
_aनई दिल्‍ली
350 _a6
650 _aNovel
_943807
942 _cHIN
_k891.433
_2ddc
999 _c26031
_d26031